01009cam a2200289 a 45000010008000000030005000080050017000130080041000300100017000710200015000880200022001030350020001250400016001450420014001610500023001750820021001981000027002192450073002462600052003193000025003714400027003965040066004236500032004897000019005218560089005408560090006294909098NUST20180117090030.0940223s1994 enk b 001 0 eng d a 94065542  a0803989385 a0803989393 (pbk.) a(OCoLC)30511852 aUkcUkdDLC alccopycat00aBF637.C6bF37 199400a361/.06/06832211 aFeltham, Colin,d1950-10aDeveloping counsellor supervision /cColin Feltham and Windy Dryden. aLondon ;aThousand Oaks, Calif. :bSage,c1994. axi, 157 p. ;c23 cm. 0aDeveloping counselling aIncludes bibliographical references (p. [149]-153) and index. 0aCounselorsxSupervision of.1 aDryden, Windy.423Publisher descriptionuhttp://www.loc.gov/catdir/enhancements/fy0656/94065542-d.html413Table of contents onlyuhttp://www.loc.gov/catdir/enhancements/fy0656/94065542-t.html